| Tag |
First Indicator |
Second Indicator |
Subfields |
| LEADER |
00000cam a2200000 a 4500 |
| 001 |
in00001369949 |
| 005 |
20151006084014.0 |
| 007 |
hd afa014baca |
| 008 |
950911s1994 dcua ab f000 0 eng d |
| 035 |
|
|
|a (OCoLC)33114076
|
| 035 |
|
|
|9 AHJ5514AM
|
| 040 |
|
|
|a UP3
|c UP3
|d UtOrBLW
|
| 043 |
|
|
|a a-ja---
|a n-us---
|
| 049 |
|
|
|a TXAI
|
| 090 |
|
|
|a JK1108
|b .M35 Suppl. 1994 reel 12
|
| 099 |
|
|
|a film
|a S
|a 1707
|a 1994, reel 12, fr. 00793.
|
| 100 |
1 |
|
|a Jackson, James K.
|
| 245 |
1 |
4 |
|a The yen/dollar exchange rate /
|c James K. Jackson.
|
| 246 |
1 |
0 |
|a Yen, dollar exchange rate.
|
| 264 |
|
1 |
|a [Washington, D.C.] :
|b Congressional Research Service, Library of Congress,
|c [1994]
|
| 300 |
|
|
|a 20 pages :
|b illustrations ;
|c 28 cm.
|
| 336 |
|
|
|a text
|b txt
|2 rdacontent
|
| 337 |
|
|
|a microform
|b h
|2 rdamedia
|
| 338 |
|
|
|a microfilm reel
|b hd
|2 rdacarrier
|
| 500 |
|
|
|a Cover title.
|
| 500 |
|
|
|a At head of title: CRS report for Congress.
|
| 500 |
|
|
|a "August 9, 1994."
|
| 504 |
|
|
|a Includes bibliographical references.
|
| 500 |
|
|
|a "94-644 E."
|
| 533 |
|
|
|a Microfilm.
|b Arlington, Va. :
|c University Publications of America,
|d 1995.
|e on 1 microfilm reel ; 35 mm. Low reduction.
|f (Major studies and issue briefs of the Congressional Research Service. 1994 supplement ; reel 12, fr. 00793).
|
| 500 |
|
|
|a Microform.
|
| 650 |
|
0 |
|a Foreign exchange
|z United States.
|
| 650 |
|
0 |
|a Foreign exchange
|z Japan.
|
| 710 |
2 |
|
|a Library of Congress.
|b Congressional Research Service.
|
| 830 |
|
0 |
|a Major studies and issue briefs of the Congressional Research Service.
|p Supplement ;
|v 1994, reel 12, fr. 00793.
|
| 999 |
|
|
|a MARS
|
| 999 |
f |
f |
|s 4cc71688-2b60-3801-b0e1-ad821dcbf2a2
|i b5dcc7af-6112-3bdc-8dc7-12a7bf80334e
|t 0
|
| 952 |
f |
f |
|p default
|a Texas A&M University
|b College Station
|c Sterling C. Evans Library
|d Evans: Microforms (3rd floor)
|t 0
|e film S 1707 1994, reel 12, fr. 00793.
|h Other scheme
|i microform -- microfilm reel
|
| 998 |
f |
f |
|a film S 1707 1994, reel 12, fr. 00793.
|t 0
|l Evans: Microforms (3rd floor)
|